| 000 | 00442nam a22001697a 4500 | ||
|---|---|---|---|
| 003 | URS | ||
| 005 | 20220114171633.0 | ||
| 008 | 170324b xxu||||| |||| 00| 0 eng d | ||
| 020 | _a0072902175 | ||
| 050 |
_aHM251 _bM897 1999 |
||
| 100 |
_aMyers, David G. _4author |
||
| 245 |
_aSocial psychology _cDavid G. Myers |
||
| 250 | _aSixth Edition | ||
| 260 |
_aBoston: _bMcGraw-Hill, _c1999 |
||
| 300 |
_axiii, 737 pages; _c26 cm. |
||
| 942 |
_cFR _2lcc |
||
| 999 |
_c14359 _d14359 |
||